Výročná správa 2003 Protimonopolný úrad Slovenskej republiky

Enregistré dans:
Détails bibliographiques
Format: Livre
Langue:slovaque
anglais
Publié: Bratislava Protimonopolný úrad Slovenskej republiky 2003
Sujets:
Tags: Ajouter un tag
Pas de tags, Soyez le premier à ajouter un tag!

MARC

LEADER 00000nam$a2200000$$$4500
001 0038870
005 20240318114746.9
041 0 |a slo 
041 0 |a eng 
044 |a SK 
245 1 0 |a Výročná správa 2003  |b Protimonopolný úrad Slovenskej republiky 
264 1 |a Bratislava  |b Protimonopolný úrad Slovenskej republiky  |c 2003 
300 |a 42 s. 
610 2 0 |a ochrana súťaže hospodárskej 
610 2 0 |a politika protimonopolná 
610 2 0 |a legislatíva 
610 2 0 |a konkurencia 
610 2 0 |a zákony 
610 2 0 |a dohody 
610 2 0 |a rozhodovanie 
610 2 0 |a kontrola 
610 2 0 |a súdy 
610 2 0 |a služby 
610 2 0 |a dozor 
610 2 0 |a správa štátna 
610 2 0 |a obce 
610 2 0 |a Slovensko 
610 2 0 |a 2003